000 00282nam a22001217a 4500
008 171023b xxu||||| |||| 00| 0 eng d
041 _aeng
080 _a338
100 _a54
101 _aMO
245 _aORGANIZATIONAL PLANNING AND CONTROL SYSTEMS
_cEMERY, J.C
942 _2udc
_cBK
999 _c35474
_d35474